Determination of gaseous elements in metals

সংরক্ষণ করুন:
গ্রন্থ-পঞ্জীর বিবরন
প্রধান লেখক: Melnick, Laben M. (autor), Lewis, Lynn L (Author), Holt, Ben D (Author)
বিন্যাস: গ্রন্থ
ভাষা:ইংরেজি
প্রকাশিত: Nueva York John Wiley 1974
মালা:Chemical analysis, 40
বিষয়গুলি:
ট্যাগগুলো: ট্যাগ যুক্ত করুন
কোনো ট্যাগ নেই, প্রথমজন হিসাবে ট্যাগ করুন!

MARC

LEADER 00000nam a2200000 a 4500
001 UCW2077
003 CL-VaPUC
008 910806e19740000US |||||||||||||||||eng|d
082 0 4 |a 549.133  |b MEL  |2 21 
100 |a Melnick, Laben M.  |e autor  |9 306035 
700 0 |a Lewis, Lynn L  |e author  |9 306036 
700 0 |a Holt, Ben D  |e author  |9 306037 
245 1 0 |a Determination of gaseous elements in metals 
300 |a 744 p 
942 |c BK 
945 |d 19910806 00:00:00 
260 |a Nueva York  |b John Wiley  |c 1974 
650 7 |a METALES ANALISIS  |2 CL-VaPUC  |9 271732 
650 7 |a GASES ANALISIS  |2 CL-VaPUC  |9 271733 
583 |a last modification  |c 19910806 00:00:00  |k Rodrigo Vera 
490 0 |a Chemical analysis, 40 
999 |c 216717  |d 216715 
952 |0 0  |1 0  |4 0  |6 549_133000000000000_MEL_1974  |7 0  |8 P  |9 202760  |a BIBMEC  |b BIBMEC  |d 2019-11-14  |i 2701057  |o 549.133 MEL 1974  |p 2701057  |r 2019-11-14  |w 2019-11-14  |y BK  |k MEC